Rozdíly v konkurenceschopnosti mezi státy EU: důsledky pro soudržnost Evropské unie a eurozóny
Metodika merania a hodnotenia konkurencieschopnosti štátov. Snaha o zvyšovanie konkurencieschopnosti USA. Stratégia konkurencieschopnosti Európskej únie a jej výsledky. Lisabonská stratégia a jej hodnotenie. Stratégia Európa 2020 a jej doterajšie výsledky. Dôsledky pretrvávania a prehlbovania ro...
Uložené v:
| Hlavný autor: | |
|---|---|
| Médium: | Kapitola |
| Jazyk: | Czech |
| Predmet: | |
| Tagy: |
Žiadne tagy, Buďte prvý, kto otaguje tento záznam!
|
MARC
| LEADER | 00000naa a2200000 4500 | ||
|---|---|---|---|
| 001 | 0191151 | ||
| 005 | 20220713131303.0 | ||
| 041 | 0 | |a cze | |
| 044 | |a CZ | ||
| 245 | 1 | 0 | |a Rozdíly v konkurenceschopnosti mezi státy EU: důsledky pro soudržnost Evropské unie a eurozóny |c Jiří Malý |
| 520 | |a Metodika merania a hodnotenia konkurencieschopnosti štátov. Snaha o zvyšovanie konkurencieschopnosti USA. Stratégia konkurencieschopnosti Európskej únie a jej výsledky. Lisabonská stratégia a jej hodnotenie. Stratégia Európa 2020 a jej doterajšie výsledky. Dôsledky pretrvávania a prehlbovania rozdielov v konkurencieschopnosti medzi členmi eurozóny. | ||
| 610 | 2 | 0 | |a konkurencieschopnosť |
| 610 | 2 | 0 | |a Európska únia |
| 610 | 2 | 0 | |a eurozóna |
| 610 | 2 | 0 | |a spolupráca hospodárska medzinárodná |
| 610 | 2 | 0 | |a USA |
| 100 | 1 | |a Malý, Jiří | |